| 000 | 00681 a2200193 4500 | ||
|---|---|---|---|
| 999 |
_c183358 _d183358 |
||
| 005 | 20211223145729.0 | ||
| 010 | _aENG-130558 | ||
| 020 |
_a978-0-19-012108-2 _c995.00 |
||
| 035 | _aEN-114090 | ||
| 037 | _bDBAD/PUB | ||
| 082 |
_a615.53809 _b1 |
||
| 100 | _aVarier, Raghava | ||
| 245 |
_aA Brief History Of Ayurveda: _cRaghava Varier |
||
| 250 | _a2020 | ||
| 260 |
_aNew Delhi _bOxford University Press _c2021 |
||
| 270 |
_a22 Workspace, 2nd Floor, 1/22 Asaf Ali Road _bNew Delhi _e110002 |
||
| 300 |
_avii-xv, 173p. _c22cm (hbk) _bAppendix, Treatment for Plants And Animals, Selected Glossary, Selected Reading,Index |
||
| 942 |
_adpl _cEN _2ddc _h615.53809 _mVAR |
||